UBT Library

Lessons from the past : (Record no. 40247)

000 -LEADER
fixed length control field 00847cam a2200229 a 4500
001 - CONTROL NUMBER
control field 728143
005 - DATE AND TIME OF LATEST TRANSACTION
control field 20180115045014.0
008 - FIXED-LENGTH DATA ELEMENTS--GENERAL INFORMATION
fixed length control field 980924s1999 cauab b 001 0 eng
010 ## - LIBRARY OF CONGRESS CONTROL NUMBER
LC control number 98044708
020 ## - INTERNATIONAL STANDARD BOOK NUMBER
International Standard Book Number 076740453X
040 ## - CATALOGING SOURCE
Original cataloging agency DLC
Transcribing agency DLC
Modifying agency DLC
041 ## - LANGUAGE CODE
Language code of text/sound track or separate title eng
080 ## - UNIVERSAL DECIMAL CLASSIFICATION NUMBER
Universal Decimal Classification number 930.1 FED
082 00 - DEWEY DECIMAL CLASSIFICATION NUMBER
Classification number 930.1 FED
Edition number 21
100 ## - Rafti
Rafti 42
101 ## - Shkurtesa
Shkurtesa ARK
245 00 - TITLE STATEMENT
Title Lessons from the past :
Statement of responsibility, etc [compiled by] Kenneth L. Feder.
504 ## - BIBLIOGRAPHY, ETC. NOTE
Bibliography, etc Includes bibliographical references and index.
906 ## - LOCAL DATA ELEMENT F, LDF (RLIN)
a 7
b cbc
c orignew
d 1
e ocip
f 19
g y-gencatlg
942 ## - ADDED ENTRY ELEMENTS (KOHA)
Source of classification or shelving scheme
Item type Books
Holdings
Withdrawn status Lost status Source of classification or shelving scheme Damaged status Not for loan Collection code Permanent location Current location Shelving location Date acquired Total Checkouts Full call number Barcode Date last seen Price effective from Koha item type
          Koleksioni i përgjithshem UBT - Lipjan UBT - Lipjan Koleksioni i përgjithshem 01/15/2018   930.1 FED 002-2995478 01/15/2018 01/15/2018 Books
UBT Library © 2015-2024. All rights reserved University Education for Business and Technology